书目信息 |
| 题名: |
物理量测量
|
|
| 作者: | 袁长坤 主编 | |
| 分册: | ||
| 出版信息: | 北京 科学出版社 2004 |
|
| 页数: | 301页 | |
| 开本: | 24cm | |
| 丛书名: | ||
| 单 册: | ||
| 中图分类: | O4-34 | |
| 科图分类: | ||
| 主题词: | 物理量--测量--高等学校--教材 , 物理量 , 测量 | |
| 电子资源: | ||
| ISBN: | 7-03-014396-5 | |
| 000 | 00886nam0 2200277 450 | |
| 000 | 00892nam0 2200277 450 | |
| 000 | 00824nam0 2200253 450 | |
| 000 | 00787nam0 2200241 45 | |
| 005 | 20070528081851.59 | |
| 010 | @a7-03-014396-5@dCNY22.00 | |
| 100 | @a20070418d2004 em y0chiy0120 ea | |
| 101 | 0 | @achi |
| 102 | @aCN@b110000 | |
| 105 | @ay z 000yy | |
| 200 | 1 | @a物理量测量@AWu Li Liang Ce Liang@f袁长坤主编@FYuan Chang Kun Zhu Bian |
| 210 | @a北京@c科学出版社@d2004 | |
| 215 | @a301页@d24cm | |
| 300 | @a21世纪高等院校教材 | |
| 330 | @a本书介绍了不确定度和误差处理、仪器的使用,并以物理量测量为主线,介绍力学量、热学量和波动特征量的测量、光学量测量等。 | |
| 606 | 0 | @a物理量@x测量@x高等学校@j教材 |
| 606 | 0 | @a物理量 |
| 606 | 0 | @a测量 |
| 690 | @aO4-34@v4 | |
| 701 | 0 | @a袁长坤@AYuan Chang Kun@4主编 |
| 801 | 0 | @aCN@bTAOJIN@c20070528 |
| 905 | @a10447@dO4-34@e496 | |
| 物理量测量/袁长坤主编.-北京:科学出版社,2004 |
| 301页;24cm |
| 21世纪高等院校教材 |
| ISBN 7-03-014396-5:CNY22.00 |
| 本书介绍了不确定度和误差处理、仪器的使用,并以物理量测量为主线,介绍力学量、热学量和波动特征量的测量、光学量测量等。 |
| ● |
| 相关链接 |
|
|
|
|
正题名:物理量测量
索取号:O4-34/496
 
预约/预借
| 序号 | 登录号 | 条形码 | 馆藏地/架位号 | 状态 | 备注 |
| 1 | 0523086 | 205230864 | 第二样本阅览室/ [索取号:O4-34/496] | 在馆 | |
| 2 | 0523087 | 205230873 | 第三借阅区/ [索取号:O4-34/496] | 在馆 | |
| 3 | 0523088 | 205230882 | 第三借阅区/ [索取号:O4-34/496] | 在馆 | |
| 4 | 0523089 | 205230891 | 第三借阅区/ [索取号:O4-34/496] | 在馆 |